ARTIFICIAL INTELLIGENCE AND GAMES / (Record no. 589026)

000 -LEADER
fixed length control field 00332nam a22001337a 4500
020 ## - INTERNATIONAL STANDARD BOOK NUMBER
Qualifying information HB.
040 ## - CATALOGING SOURCE
Transcribing agency FIZZA ISHAQ
082 ## - DEWEY DECIMAL CLASSIFICATION NUMBER
Classification number 794.8163
Author Mark GEO
100 ## - MAIN ENTRY--PERSONAL NAME
Personal name TOGELIUS,GEORGIOS.
9 (RLIN) 90800
245 ## - TITLE STATEMENT
Title ARTIFICIAL INTELLIGENCE AND GAMES /
Statement of responsibility, etc. GEORGIOS TOGELIUS.
260 ## - PUBLICATION, DISTRIBUTION, ETC.
Place of publication, distribution, etc. NEW YORK ;
Date of publication, distribution, etc. 2018.
300 ## - PHYSICAL DESCRIPTION
Extent 337 P. ;
942 ## - ADDED ENTRY ELEMENTS (KOHA)
Source of classification or shelving scheme
Koha item type Book
Holdings
Withdrawn status Lost status Source of classification or shelving scheme Damaged status Not for loan Permanent Location Current Location Date acquired Total Checkouts Full call number Date last seen Price effective from Koha item type Barcode
          NUST Baluchistan Campus (NBC) NUST Baluchistan Campus (NBC) 04/04/2022   794.8163 GEO 04/04/2022 04/04/2022 Book  
          NUST Baluchistan Campus (NBC) NUST Baluchistan Campus (NBC) 04/04/2022   794.8163 GEO 04/04/2022 04/04/2022 Book Q-3184
© 2023 Central Library, National University of Sciences and Technology. All Rights Reserved.